[Event "R2-2004 Luchon2-Muret4"]
[Site "Luchon"]
[Date "2003.12.07"]
[Round "2.4"]
[White "Sacareau, Christophe"]
[Black "Pignero, Guillaume"]
[Result "0-1"]
[WhiteElo "1199"]
[BlackElo "1220"]
[EventDate "2003.??.??"]
[PlyCount "82"]

1.e4 e5 2.Nf3 Nc6 3.Nc3 g6 4.Bc4 Bh6 5.O-O b6 6.Qe2 Qe7 7.Nb5 d6 8.d3 Bxc1
9.Raxc1 f5 10.Bd5 Bb7 11.Be6 Nh6 12.Qe3 f4 13.Qe2 a6 14.Nbd4 Nxd4 15.Nxd4 
exd4 16.Bc4 O-O-O 17.c3 Qg5 18.Qf3 Rd7 19.Be6 Rd8 20.Bxd7+ Rxd7 21.Qh3 Qg4
22.Qxh6 d5 23.f3 Qh5 24.Qxh5 gxh5 25.Rce1 Re7 26.Re2 dxc3 27.bxc3 b5 28.a3
Bc6 29.c4 dxc4 30.dxc4 bxc4 31.Rc1 Bb5 32.a4 Bxa4 33.Rxc4 Bb5 34.Rc5 Bxe2 
35.Rxh5 Rg7 36.Rh3 a5 37.Kf2 Bc4 38.Rh5 a4 39.Ra5 Bb3 40.e5 Rg5 41.e6 Rxa5
0-1

[Event "R2-2004 Luchon2-Muret4"]
[Site "Luchon"]
[Date "2003.12.07"]
[Round "2.3"]
[White "Moreau, Maximilien"]
[Black "Mathe, Florian"]
[Result "1-0"]
[WhiteElo "1300"]
[BlackElo "1199"]
[EventDate "2003.??.??"]
[PlyCount "57"]

1.c4 e5 2.Nc3 Nc6 3.g3 d6 4.Bg2 Bd7 5.Nf3 Nf6 6.O-O Be6 7.d3 Nd4 8.Be3 
Nxf3+ 9.Bxf3 c6 10.Qb3 d5 11.cxd5 cxd5 12.Bd2 d4 13.Qb5+ Nd7 14.Ne4 g6 15.
Bg5 Be7 16.Nd6+ Kf8 17.Bh6+ Kg8 18.Ne4 Bh3 19.Rfc1 a6 20.Qxb7 Rb8 21.Qxa6 
Rxb2 22.Rc8 Rb6 23.Rxd8+ Bxd8 24.Qc4 Rb7 25.Nd6 Nb6 26.Qb3 Nc8 27.Qxb7 
Nxd6 28.Qb8 Nf5 29.Qxd8# 1-0

[Event "R2-2004 Luchon2-Muret4"]
[Site "Luchon"]
[Date "2003.12.07"]
[Round "2.2"]
[White "Rouquet, Rémi"]
[Black "Saint-martin, Olivier"]
[Result "1-0"]
[WhiteElo "1240"]
[BlackElo "1350"]
[EventDate "2003.??.??"]
[PlyCount "64"]

1.e4 e5 2.Nf3 Nc6 3.Nc3 Nf6 4.Bc4 Nd4 5.Nb5 Bc5 6.O-O Nxe4 7.d3 d5 8.Nxe5 
dxc4 9.Nxd4 Qxd4 10.Re1 Nxf2 11.Nf3+ Ne4+ 12.Nxd4 Bxd4+ 13.Kh1 O-O 14.Rxe4
c5 15.c3 Bf6 16.Rxc4 Be6 17.Rxc5 Rad8 18.d4 Rfe8 19.a3 b6 20.Rh5 Bc4 21.
Rf5 Bh4 22.b3 Be2 23.Qc2 g6 24.Rf4 Bg3 25.Re4 Bh5 26.Bh6 f5 27.Rxe8+ Rxe8 
28.Qd3 Be1 29.Qc4+ Kh8 30.Qc7 Rg8 31.Rxe1 g5 32.Re7 Be8 1-0

[Event "R2-2004 Luchon2-Muret4"]
[Site "Luchon"]
[Date "2003.12.07"]
[Round "2.1"]
[White "Lloveras, Jean-Jacques"]
[Black "Jammot, Thimotée"]
[Result "0-1"]
[WhiteElo "1560"]
[BlackElo "1400"]
[EventDate "2003.??.??"]
[PlyCount "50"]

1.c4 e5 2.Nc3 Nf6 3.e4 Bb4 4.Nf3 Nc6 5.d3 O-O 6.a3 Bc5 7.b4 Bd4 8.Nxd4 
Nxd4 9.Be3 c5 10.Bxd4 cxd4 11.Nd5 Nxd5 12.cxd5 d6 13.Be2 f5 14.O-O fxe4 
15.dxe4 Qg5 16.h3 Bxh3 17.g4 Bxf1 18.Qxf1 Rf6 19.Qg2 Raf8 20.Rf1 Qd2 21.g5
Rg6 22.Bg4 Rxg5 23.Kh1 Qf4 24.f3 Rf6 25.Rg1 Rh6+ 0-1

[Event "R2-2004 Echiquier Toulousain2-Colomiers"]
[Site "Colomiers"]
[Date "2003.12.07"]
[Round "2.3"]
[White "Arbel, Yassine"]
[Black "Dubois, Gilles"]
[Result "1-0"]
[WhiteElo "1199"]
[BlackElo "1499"]
[EventDate "2003.??.??"]
[PlyCount "67"]

1.e4 c5 2.Nf3 d6 3.Bc4 e6 4.Nc3 Nc6 5.d3 Be7 6.O-O Qc7 7.Bf4 Bd7 8.a4 a6 
9.Qe2 h6 10.h4 Bf6 11.Qd2 Nge7 12.g3 Nd4 13.Nxd4 cxd4 14.Ne2 e5 15.Be3 
dxe3 16.Qxe3 O-O 17.c3 b5 18.Bb3 Rab8 19.axb5 a5 20.c4 Rfd8 21.d4 Bg4 22.
Nc3 exd4 23.Nd5 Nxd5 24.Qd3 Nb4 25.Qd2 Be6 26.Rac1 Qe7 27.Ba4 Bxh4 28.gxh4
Qxh4 29.f4 Re8 30.Rf2 Rbc8 31.b3 Rc5 32.Qxd4 Rh5 33.Rg2 Bf5 34.Qxg7# 1-0

[Event "R2-2004 Echiquier Toulousain2-Colomiers"]
[Site "Colomiers"]
[Date "2003.12.07"]
[Round "2.2"]
[White "Bonnetot, Gilles"]
[Black "Nguyen, Sebastien"]
[Result "0-1"]
[WhiteElo "1499"]
[BlackElo "1199"]
[EventDate "2003.??.??"]
[PlyCount "126"]

1.e4 e5 2.d4 exd4 3.Qxd4 Nc6 4.Qe3 Nf6 5.Nc3 Bb4 6.Bd2 O-O 7.O-O-O Re8 8.
Qg3 d6 9.Bd3 Be6 10.Qh4 Ne5 11.Kb1 Ng6 12.Qg5 Qd7 13.h3 h6 14.Qb5 Bxc3 15.
Qxd7 Bxd7 16.bxc3 Nxe4 17.Bxe4 Rxe4 18.Be3 Bc6 19.Nf3 Nh4 20.Rhg1 Nxf3 21.
gxf3 Rh4 22.Rg3 Bd7 23.Bd4 g6 24.Rdg1 b6 25.Be3 Kh7 26.Bd4 c5 27.Bf6 Rf4 
28.Be7 d5 29.h4 Re8 30.Bd6 Rf6 31.Bc7 Bf5 32.h5 Re2 33.hxg6+ fxg6 34.Rc1 
Rf7 35.Bf4 Bxc2+ 36.Rxc2 Rxc2 37.Kxc2 Rxf4 38.Kb3 h5 39.Kc2 Kh6 40.Kd3 g5 
41.Ke3 h4 42.Rh3 Kh5 43.Rh1 d4+ 44.cxd4 Rxd4 45.a3 Rd8 46.Ke4 c4 47.a4 c3 
48.Rc1 Rc8 49.f4 gxf4 50.Kxf4 c2 51.Kf3 Rc3+ 52.Kg2 Kg4 53.Kh2 h3 54.Rg1+ 
Kh4 55.Rc1 a6 56.f3 b5 57.axb5 axb5 58.f4 b4 59.f5 b3 60.f6 b2 61.f7 
bxc1=Q 62.f8=Q Qd2+ 63.Kg1 Qg2# 0-1

[Event "R2-2004 Echiquier Toulousain2-Colomiers"]
[Site "Colomiers"]
[Date "2003.12.07"]
[Round "2.1"]
[White "Paradis, Francois"]
[Black "Pigiere, Dominique"]
[Result "0-1"]
[WhiteElo "1499"]
[BlackElo "1650"]
[EventDate "2003.??.??"]
[PlyCount "114"]

1.e4 c6 2.d4 d5 3.exd5 cxd5 4.Bd3 Nf6 5.f3 Nc6 6.c3 e6 7.Qc2 Bd6 8.f4 Qc7 
9.Nf3 Bxf4 10.Bxf4 Qxf4 11.Qd2 Qd6 12.Qe2 O-O 13.Nbd2 a6 14.Ne5 Nd7 15.
Nxd7 Bxd7 16.Nf3 f6 17.O-O-O b5 18.Qc2 h6 19.Nh4 Be8 20.Kb1 Rc8 21.Bh7+ 
Kh8 22.Ng6+ Bxg6 23.Bxg6 Ne7 24.Bh5 b4 25.Rd3 bxc3 26.Rxc3 Rxc3 27.bxc3 
Rc8 28.h3 Qb8+ 29.Ka1 Qc7 30.Rc1 Nf5 31.Qd3 Qa5 32.Bd1 Qa3 33.Rc2 Rc4 34.
Be2 Qd6 35.Rb2 Qc7 36.Rb3 a5 37.g4 Ng3 38.Qe3 Nxe2 39.Qxe2 Rxc3 40.Qb5 
Rxb3 41.Qxb3 Kg8 42.Kb2 Kf7 43.Qb5 Ke7 44.Qd3 Kd6 45.a4 Qc4 46.Qa3+ Kd7 
47.Qc3 Qxc3+ 48.Kxc3 Kd6 49.Kd3 e5 50.Ke3 g6 51.h4 f5 52.gxf5 gxf5 53.
dxe5+ Kxe5 54.h5 f4+ 55.Kd3 Kf5 56.Kd4 Kg4 57.Kxd5 f3 0-1

[Event "R2-2004 Condom3-cate2"]
[Site "Condom"]
[Date "2003.12.07"]
[Round "2.2"]
[White "Portois, Valentin"]
[Black "Porche, Christian"]
[Result "0-1"]
[WhiteElo "1199"]
[BlackElo "1640"]
[EventDate "2003.??.??"]
[PlyCount "26"]

1.e4 e5 2.Nf3 Nc6 3.Bc4 Bc5 4.O-O Nf6 5.Nc3 d6 6.d3 Bg4 7.Bg5 Nd4 8.Bxf6 
Qxf6 9.Nd5 Qd8 10.Ne3 Nxf3+ 11.gxf3 Bh3 12.Ng2 Qg5 13.Bxf7+ Kxf7 0-1

[Event "R2-2004 Condom3-cate2"]
[Site "Condom"]
[Date "2003.12.07"]
[Round "2.1"]
[White "Alegret, Jean-Pierre"]
[Black "Poussy, Daniel"]
[Result "0-1"]
[WhiteElo "1630"]
[BlackElo "1420"]
[EventDate "2003.??.??"]
[PlyCount "44"]

1.e4 d6 2.d4 e6 3.Nf3 Nc6 4.Bd2 Nf6 5.Nc3 Be7 6.e5 dxe5 7.dxe5 Nd5 8.Bc4 
Ncb4 9.Bb3 Nxc3 10.Bxc3 O-O 11.Qd2 c5 12.O-O-O Qc7 13.Qe2 b6 14.Rd2 Ba6 
15.Bc4 Nxa2+ 16.Kb1 Nxc3+ 17.bxc3 b5 18.Bd3 c4 19.Be4 Rab8 20.Nd4 b4 21.
cxb4 Bxb4 22.Kc1 Ba3+ 0-1

[Event "R2-2004 Condom3-Cate2"]
[Site "Condom"]
[Date "2003.12.07"]
[Round "2.3"]
[White "Martin, Pierre-Yves"]
[Black "Gomez, Romain"]
[Result "1-0"]
[WhiteElo "1330"]
[BlackElo "1199"]
[EventDate "2003.??.??"]
[PlyCount "47"]

1.e4 e5 2.d4 Nc6 3.Nf3 d6 4.Bb5 a6 5.Bxc6+ bxc6 6.dxe5 Be7 7.Nc3 dxe5 8.
Qxd8+ Bxd8 9.Nxe5 Nf6 10.Nxc6 Be7 11.Nxe7 Kxe7 12.Bg5 h6 13.Nd5+ Ke6 14.
Nxc7+ Kd7 15.Nxa8 hxg5 16.Nb6+ Kd8 17.O-O-O+ Bd7 18.e5 Ke7 19.exf6+ gxf6 
20.Rxd7+ Kf8 21.Re1 Rxh2 22.c4 Rxg2 23.Rh1 Ke8 24.Rh8# 1-0

[Event "R1D3 Vic-de-Bigorre - Loures-Barousse"]
[Site "?"]
[Date "2003.12.07"]
[Round "3.6"]
[White "Cordier, Quentin"]
[Black "Reignier-Primet, Franck"]
[Result "1/2-1/2"]
[WhiteElo "1170"]
[BlackElo "1110"]
[EventDate "2003.??.??"]
[PlyCount "138"]

1.f4 Nf6 2.Nf3 Nc6 3.b3 b6 4.Bb2 e6 5.Nc3 d5 6.e3 Bb7 7.Bb5 a6 8.Bxc6+ 
Bxc6 9.Ne5 Bb7 10.Qe2 d4 11.exd4 Qxd4 12.Qe3 Qxe3+ 13.dxe3 Rd8 14.O-O Bc5 
15.Rfe1 Rd2 16.Re2 Rxe2 17.Nxe2 Bxe3+ 18.Kf1 O-O 19.Rd1 a5 20.a4 Ba6 21.c4
Ne4 22.Bd4 Rd8 23.Ke1 Bxd4 24.Rxd4 Nd6 25.Ng3 f6 26.Nf3 Re8 27.Rd3 e5 28.
fxe5 fxe5 29.Re3 e4 30.Ng5 Bb7 31.Ke2 Re5 32.Nh3 g6 33.Nf2 h5 34.h4 Kg7 
35.Nh3 Kh6 36.Kf2 g5 37.hxg5+ Kg6 38.Nf4+ Kg7 39.Ngxh5+ Kh7 40.g6+ Kg8 41.
Rg3 Rf5 42.Ke2 Ne8 43.Ke3 Nf6 44.Nxf6+ Rxf6 45.g7 Rf7 46.Nh5 Rf1 47.Rg4 
Bc6 48.Rf4 Rxf4 49.Kxf4 Be8 50.Ng3 Bg6 51.Nxe4 Kxg7 52.g4 Kf7 53.Ng3 Bc2 
54.g5 Kg7 55.Kg4 Bxb3 56.Nf5+ Kg6 57.Ne7+ Kg7 58.Nd5 Bxa4 59.Nxc7 Bd1+ 60.
Kf4 a4 61.Nb5 Kg6 62.Nc3 Bb3 63.Ke4 Bxc4 64.Nxa4 b5 65.Nb2 Bf1 66.Kd4 Kxg5
67.Kc5 Kf4 68.Kb4 Ke3 69.Nd1+ Kd2 1/2-1/2

[Event "R1D3 Vic-de-Bigorre - Loures-Barousse"]
[Site "?"]
[Date "2003.12.07"]
[Round "3.5"]
[White "Susini, Yannick"]
[Black "Cordier, Michel"]
[Result "0-1"]
[WhiteElo "1300"]
[BlackElo "1470"]
[EventDate "2003.??.??"]
[PlyCount "116"]

1.e4 d6 2.d4 Nf6 3.Nc3 g6 4.Nf3 Bg7 5.h3 O-O 6.Bg5 c5 7.d5 Nbd7 8.Bc4 a6 
9.a4 Ne8 10.O-O Ne5 11.Qe2 f5 12.Nxe5 Bxe5 13.Bh6 Bg7 14.Bxg7 Nxg7 15.e5 
dxe5 16.Qxe5 Qd6 17.Rae1 Re8 18.Qxd6 exd6 19.Rxe8+ Nxe8 20.Re1 Bd7 21.Re7 
Rd8 22.f3 Nf6 23.Ne2 Kf8 24.Re3 Re8 25.Rxe8+ Bxe8 26.g4 fxg4 27.hxg4 Bxa4 
28.c3 Bb5 29.Ba2 Bxe2 30.Kf2 Bb5 31.c4 Bd7 32.Kg3 g5 33.Bb1 h6 34.Bf5 Bxf5
35.gxf5 b5 36.cxb5 axb5 37.f4 Kf7 38.fxg5 hxg5 39.Kf3 Nxd5 40.Ke4 Nf6+ 41.
Ke3 Ke7 42.b3 Kd7 43.Kd3 Kc6 44.Kc3 b4+ 45.Kd3 d5 46.Ke3 Kb5 47.Kd3 c4+ 
48.bxc4+ dxc4+ 49.Kc2 b3+ 50.Kb2 Kb4 51.Ka1 g4 52.Kb2 c3+ 53.Kb1 g3 54.Kc1
g2 55.Kd1 g1=Q+ 56.Ke2 Qh2+ 57.Ke1 Qg2 58.Kd1 Qd2# 0-1

[Event "R1D3 Vic-de-Bigorre - Loures-Barousse"]
[Site "?"]
[Date "2003.12.07"]
[Round "3.4"]
[White "Durand, Stéphane"]
[Black "Thimonier, Victor"]
[Result "1-0"]
[WhiteElo "1550"]
[BlackElo "1400"]
[EventDate "2003.??.??"]
[PlyCount "99"]

1.e4 e6 2.d4 d5 3.e5 c5 4.c3 Nc6 5.Nf3 cxd4 6.cxd4 Bb4+ 7.Nc3 Nge7 8.Bb5 
Qa5 9.Bd2 Bxc3 10.Bxc6+ bxc6 11.Bxc3 Qb5 12.a4 Qc4 13.Qc2 Ba6 14.Rd1 Rb8 
15.Ng5 Ng6 16.g3 h6 17.Nh3 Ne7 18.f4 Rf8 19.Kf2 f5 20.Rhe1 Qb3 $11 21.Qd2 
Qc4 22.Kg1 c5 23.dxc5 Qxc5+ 24.Bd4 Qb4 25.Bxa7 Qxd2 26.Rxd2 Rb4 27.a5 Kd7 
28.Rc1 Nc6 29.Bb6 Ra4 30.Rdc2 Rc8 31.Nf2 Rc4 32.b3 Rxc2 33.Rxc2 g6 $11 34.
Nd1 Nb4 35.Rxc8 Bxc8 36.Bc5 Nd3 37.Bd6 Ba6 38.Nc3 d4 39.Ne2 Kc6 40.Nxd4+ 
Kd5 41.Nc2 Kc6 42.b4 Kb5 43.Nd4+ Kc4 44.Nxe6 Nxb4 45.Nc7 Bc8 46.e6 Bxe6 
47.Nxe6 Na6 48.Nc7 Nxc7 49.Bxc7 Kb5 50.Kf2 1-0

[Event "R1D3 Vic-de-Bigorre - Loures-Barousse"]
[Site "?"]
[Date "2003.12.07"]
[Round "3.3"]
[White "Prieur, Axel"]
[Black "Condeminas, Christian"]
[Result "0-1"]
[WhiteElo "1550"]
[BlackElo "1570"]
[EventDate "2003.??.??"]
[PlyCount "62"]

1.e4 e6 2.d4 d5 3.e5 c5 4.c3 Nc6 5.Nf3 Qb6 6.Bd3 cxd4 7.cxd4 Bd7 8.Bc2 Nb4
9.Nc3 Nxc2+ 10.Qxc2 Qa6 11.Qe2 Qxe2+ 12.Nxe2 Bb5 13.Nc3 Bb4 14.Bd2 Bd3 15.
Na4 Be7 16.Rc1 Kd7 17.Nc5+ Bxc5 18.Rxc5 Bc4 19.b3 b6 20.Rxc4 dxc4 21.bxc4 
Rc8 22.O-O Rxc4 23.Rc1 Ra4 24.g3 Rxa2 25.Bb4 Nh6 26.Bd6 Rc8 27.Rxc8 Kxc8 
28.Bf8 Ng4 29.h4 Rxf2 30.Ng5 h6 31.Nxf7 Rxf7 0-1

[Event "R1D3 Vic-de-Bigorre - Loures-Barousse"]
[Site "?"]
[Date "2003.12.07"]
[Round "3.2"]
[White "Ribou, Jacques"]
[Black "Hochet, Yannick"]
[Result "1/2-1/2"]
[WhiteElo "1840"]
[BlackElo "1510"]
[EventDate "2003.??.??"]
[PlyCount "46"]

1.e4 c5 2.Nc3 e5 3.Nf3 d6 4.Bb5+ Nc6 5.Nd5 a6 6.Be2 Be7 7.c3 Nf6 8.Nxf6+ 
Bxf6 9.h3 Be6 10.Nh2 g6 11.d3 Bg5 12.Bg4 f5 13.exf5 gxf5 14.Bh5+ Kd7 15.
Bf3 d5 16.a3 Bxc1 17.Rxc1 a5 18.Qb3 Kc7 19.Qb5 Qg5 20.Rc2 b6 21.g3 h5 22.
h4 Qg6 23.Rg1 Bd7 1/2-1/2

[Event "R1D3 Vic-de-Bigorre - Loures-Barousse"]
[Site "?"]
[Date "2003.12.07"]
[Round "3.1"]
[White "Lavole, Olivier"]
[Black "Oriot, Patrice"]
[Result "0-1"]
[WhiteElo "1600"]
[BlackElo "2010"]
[EventDate "2003.??.??"]
[PlyCount "88"]

1.e4 c5 2.c3 e6 3.d4 d5 4.e5 Nc6 5.Nf3 Qb6 6.a3 c4 7.Be2 Bd7 8.O-O Na5 9.
Nbd2 Ne7 10.Rb1 Nb3 11.Nxb3 Ba4 12.Be3 Bxb3 13.Qd2 Ng6 14.Bd1 $11 Be7 15.
Bg5 f6 16.Bxb3 Qxb3 17.exf6 gxf6 18.Bf4 Rc8 19.Bg3 O-O 20.Rfe1 Rc6 21.Qd1 
Qxd1 22.Rbxd1 Re8 23.Re2 Kf7 24.Rde1 b5 25.Nh4 a5 26.Nxg6 hxg6 27.Bf4 b4 
28.axb4 axb4 29.Ra1 $11 bxc3 30.bxc3 Rb6 31.Rea2 g5 32.Bd2 Reb8 33.h3 Rb1+
34.Rxb1 Rxb1+ 35.Kh2 Rb3 36.Kg1 Ba3 37.Rc2 Kg6 38.g4 Bb2 39.Kg2 e5 40.dxe5
fxe5 41.f3 d4 42.cxd4 Bxd4 43.Ra2 Rb2 44.Rxb2 Bxb2 0-1

[Event "R1C3 Tournefeuille - CEIT 2"]
[Site "?"]
[Date "2003.12.07"]
[Round "3.6"]
[White "Arnould, Françoise"]
[Black "Hincapie-Galindo, Juan-Sebastian"]
[Result "1-0"]
[WhiteElo "1240"]
[BlackElo "1199"]
[EventDate "2003.??.??"]
[PlyCount "57"]

1.d4 Nf6 2.c4 d6 3.Nc3 Nc6 4.e4 e5 5.Nf3 Bg4 6.Be2 Bxf3 7.Bxf3 Nxd4 8.Be3 
Nxf3+ 9.Qxf3 Be7 10.Nd5 c6 11.Nxe7 Qxe7 12.Rd1 O-O-O 13.Bxa7 b5 14.Bb6 Rd7
15.cxb5 Rb7 16.Qe3 c5 17.Ba5 Rxb5 18.Bc3 Qe6 19.a4 Rb3 20.Qd3 Rd8 21.Qa6+ 
Kc7 22.Ba5+ Rb6 23.Bxb6+ Kd7 24.Bxd8 Kxd8 25.Rxd6+ Qd7 26.Rxd7+ Nxd7 27.
O-O g6 28.Rd1 Ke8 29.Qb7 1-0

[Event "R1C3 Tournefeuille - CEIT 2"]
[Site "?"]
[Date "2003.12.07"]
[Round "3.5"]
[White "Chapelet, Jonas"]
[Black "Lenoir, Patrice"]
[Result "1-0"]
[WhiteElo "1320"]
[BlackElo "1510"]
[EventDate "2003.??.??"]
[PlyCount "73"]

1.d4 d5 2.c4 e6 3.Nc3 Nf6 4.Bf4 c6 5.e3 Nbd7 6.Nf3 Bb4 7.Rc1 O-O 8.Be2 Ne4
9.O-O Ndf6 10.Nxe4 Nxe4 11.Qc2 Be7 12.Bd3 f5 13.Be5 Nf6 14.Nd2 Bd7 15.f3 
g6 16.e4 dxe4 17.fxe4 fxe4 18.Nxe4 Nxe4 19.Bxe4 Qe8 20.d5 Bg5 21.Rce1 cxd5
22.cxd5 Rc8 23.Bc3 Bf6 24.dxe6 Bxc3 25.bxc3 Rxf1+ 26.Rxf1 Qxe6 27.Bxb7 
Qb6+ 28.Qf2 Qxf2+ 29.Rxf2 Rxc3 30.Bd5+ Kh8 31.Rf8+ Kg7 32.Rf7+ Kh6 33.Rxd7
Rd3 34.a4 Kg5 35.a5 a6 36.Bc6 Rc3 37.Bb7 1-0

[Event "R1C3 Tournefeuille - CEIT 2"]
[Site "?"]
[Date "2003.12.07"]
[Round "3.4"]
[White "Laffont, Jean-Christophe"]
[Black "Debout, Christian"]
[Result "1-0"]
[WhiteElo "1550"]
[BlackElo "1320"]
[EventDate "2003.??.??"]
[PlyCount "107"]

1.d4 d5 2.e3 Nc6 3.c4 dxc4 4.Bxc4 e6 5.Nf3 Nf6 6.O-O Bd6 7.a3 O-O 8.Nc3 a6
9.e4 Nd7 10.e5 Be7 11.Ne4 b5 12.Bb3 Bb7 13.Qd3 Nc5 14.Nxc5 Bxc5 15.Bc2 g6 
16.dxc5 Qe7 17.Qe3 f6 18.exf6 Rxf6 19.Be4 Raf8 20.Qc3 h6 21.Bxh6 R8f7 22.
Bg5 Rxf3 23.Bxf3 Qxg5 24.Rad1 Nd4 25.Qxd4 Bxf3 26.Qd8+ Qxd8 27.Rxd8+ Kg7 
28.gxf3 Rxf3 29.Re1 Rf6 30.Red1 Kh6 31.R8d7 Rf5 32.Rxc7 Rg5+ 33.Kh1 Rf5 
34.Rd2 Kg5 35.c6 Rc5 36.Rc8 Kg4 37.c7 Kf3 38.Rf8+ Ke4 39.c8=Q Rxc8 40.Rxc8
e5 41.Rc6 a5 42.Rxg6 a4 43.h4 b4 44.axb4 Kf3 45.h5 e4 46.h6 e3 47.fxe3 a3 
48.bxa3 Ke4 49.h7 Kf3 50.h8=Q Ke4 51.Rd4+ Kf3 52.Qh3+ Ke2 53.Rg1 Kf2 54.
Rd2# 1-0

[Event "R1C3 Tournefeuille - CEIT 2"]
[Site "?"]
[Date "2003.12.07"]
[Round "3.3"]
[White "Debout, Vincent"]
[Black "Pezou, Jean-Claude"]
[Result "0-1"]
[WhiteElo "1470"]
[BlackElo "1690"]
[EventDate "2003.??.??"]
[PlyCount "80"]

1.e4 e5 2.Nf3 Nc6 3.g3 Nf6 4.d3 Bc5 5.Bg5 h6 6.Bxf6 Qxf6 7.Bg2 d6 8.O-O 
Bg4 9.Nbd2 O-O 10.c3 b5 11.b4 Bb6 12.a4 a6 13.a5 Ba7 14.Qb3 Be6 15.Qc2 
Rac8 16.Rac1 d5 17.Rcd1 d4 18.c4 Nxb4 19.Qb1 c5 20.cxb5 axb5 21.Nb3 Bg4 
22.Nbd2 Qe7 23.h3 Bd7 24.Ne1 c4 25.Ndf3 Bc6 26.Nxe5 Ba8 27.dxc4 bxc4 28.f3
d3+ 29.Kh2 Rfe8 30.Rf2 Bxf2 31.h4 Bxe1 32.Bh3 Bxg3+ 33.Kxg3 Qxe5+ 34.Kf2 
Rb8 35.Kg2 Nc2 36.Qc1 Rb2 37.Rd2 Reb8 38.Qg1 Qf4 39.Qf2 Ne3+ 40.Kg1 Rb1+ 
0-1

[Event "R1C3 Tournefeuille - CEIT 2"]
[Site "?"]
[Date "2003.12.07"]
[Round "3.2"]
[White "Favarel, Alexis"]
[Black "Vanden-Breeden, Christian"]
[Result "0-1"]
[WhiteElo "1630"]
[BlackElo "1499"]
[EventDate "2003.??.??"]
[PlyCount "110"]

1.e4 e6 2.d4 d5 3.exd5 exd5 4.Nc3 Bb4 5.a3 Bxc3+ 6.bxc3 Nf6 7.Bg5 a6 8.Qf3
Be6 9.Bd3 Nbd7 10.Ne2 Qe7 11.O-O h6 12.Bf4 c5 13.dxc5 Nxc5 14.Qg3 g5 15.
Bd6 Nce4 16.Qe5 Qxd6 17.Qd4 O-O 18.Bxe4 Nxe4 19.Rfd1 Rfd8 20.Rd3 Bf5 21.
Ng3 Nxg3 22.Rxg3 Bxc2 23.Rf3 Qe7 24.Rf6 Re8 25.h3 Qe5 26.Rxh6 Qxd4 27.cxd4
Rac8 28.Rh5 f6 29.h4 Bg6 30.Rh6 Kg7 31.hxg5 fxg5 32.Rh3 Rc4 33.Rb3 b5 34.
a4 Bc2 35.Rg3 Rxa4 36.Rxa4 Bxa4 37.Rxg5+ Kf6 38.Rxd5 Ke6 39.Rc5 b4 40.Ra5 
Bb5 41.Kh2 Kd5 42.f4 Kxd4 43.g4 b3 44.Ra1 b2 45.Rb1 Kc3 46.f5 Bd3 47.Rxb2 
Kxb2 48.f6 Bg6 49.Kg3 a5 50.Kf4 Rf8 51.Kg5 Rg8 52.Kh6 a4 53.g5 a3 54.f7 
Bxf7 55.g6 Bxg6 0-1

[Event "R1C3 Tournefeuille - CEIT 2"]
[Site "?"]
[Date "2003.12.07"]
[Round "3.1"]
[White "Egea, Claude"]
[Black "Delhom, Raoul"]
[Result "0-1"]
[WhiteElo "1660"]
[BlackElo "1750"]
[EventDate "2003.??.??"]
[PlyCount "114"]

1.d4 Nf6 2.Nc3 g6 3.e4 d6 4.Be2 Bg7 5.Be3 O-O 6.g4 Nbd7 7.g5 Ne8 8.h4 e5 
9.Nf3 b6 10.Qd2 Bb7 11.h5 f5 12.exf5 gxf5 13.Qd1 f4 14.Bc4+ Kh8 15.Bd2 
exd4 16.Nd5 Ne5 17.Nxe5 Bxe5 18.Qg4 Ng7 19.h6 Nf5 20.g6 hxg6 21.Bxf4 Bxf4 
22.Qxf4 c5 23.Rh2 Ne3 24.Qxf8+ Qxf8 25.fxe3 Re8 26.O-O-O Bxd5 27.Bxd5 Rxe3
28.Rg1 Qf4 29.Rd2 Re2 30.Rd1 Qxh6 31.Rh1 Qxh1+ 32.Bxh1 Re1+ 33.Rd1 Rxd1+ 
34.Kxd1 Kg7 35.Kd2 Kf6 36.Kd3 Ke5 37.Be4 g5 38.Bg2 d5 39.b3 b5 40.c4 dxc3 
41.Kxc3 a5 42.a4 b4+ 43.Kd3 g4 44.Bh1 d4 45.Kd2 Kf4 46.Ke2 Kg3 47.Be4 Kh2 
48.Kf2 g3+ 49.Kf1 d3 50.Ke1 g2 51.Bxg2 Kxg2 52.Kd2 Kf2 53.Kxd3 Ke1 54.Kc2 
Ke2 55.Kc1 Kd3 56.Kb2 Kd2 57.Kb1 Kc3 0-1

[Event "R1B3 CEIT 1 - Villeneuve-Tolosane 1"]
[Site "?"]
[Date "2003.12.07"]
[Round "3.6"]
[White "Faure, Stéphane"]
[Black "Druilhe, Loïc"]
[Result "1/2-1/2"]
[WhiteElo "1510"]
[BlackElo "1330"]
[EventDate "2003.??.??"]
[PlyCount "82"]

1.d4 d5 2.c4 c6 3.Nc3 Nf6 4.Nf3 Bf5 5.Bf4 e6 6.e3 Bb4 7.Rc1 Nbd7 8.Qb3 
Bxc3+ 9.Rxc3 b6 10.cxd5 cxd5 11.Bb5 O-O 12.Bd6 Re8 13.O-O a6 14.Bc7 Qe7 
15.Bxd7 Nxd7 16.Rfc1 b5 17.Rc6 Rec8 18.Bd6 Rxc6 19.Rxc6 Qe8 20.Qa3 Nb8 {
(=)} 21.Rb6 Qc8 22.h3 Nd7 23.Bc5 Nxb6 24.Bxb6 Qc6 25.Bc5 f6 26.g4 Be4 27.
Nd2 Bg6 28.Nf3 Re8 29.g5 e5 30.gxf6 gxf6 31.dxe5 fxe5 32.Bd6 e4 33.Nd4 Qc8
34.h4 Kf7 35.Qb3 Qb7 36.Ne2 Rg8 37.Kf1 Ke8 38.Ng3 Qc6 39.Bf4 Bf7 40.Qa3 
Be6 41.Bg5 Qb7 {(=)} 1/2-1/2

[Event "R1B3 CEIT 1 - Villeneuve-Tolosane 1"]
[Site "?"]
[Date "2003.12.07"]
[Round "3.5"]
[White "Pueyo, Jean-Luc"]
[Black "Doustens, Jean-Jacques"]
[Result "0-1"]
[WhiteElo "1340"]
[BlackElo "1510"]
[EventDate "2003.??.??"]
[PlyCount "64"]

1.d4 e6 2.c4 Nf6 3.Nc3 Bb4 4.Nf3 d6 5.a3 Bxc3+ 6.bxc3 c6 7.Bg5 Nbd7 8.e4 
Qa5 9.Qc2 Nxe4 10.Bd2 Nxd2 11.Qxd2 Nf6 12.Bd3 O-O 13.O-O e5 14.Rfe1 Re8 
15.Ng5 h6 16.Ne4 Nxe4 17.Rxe4 f5 18.Re2 e4 19.Bb1 Qd8 20.Ba2 d5 21.cxd5 
cxd5 22.Qb2 b6 23.Qb5 Be6 24.c4 a6 25.Qc6 Rc8 26.Qb7 dxc4 27.Qxa6 Qxd4 28.
Rb1 Red8 29.h3 Rd6 30.Reb2 Rcc6 31.Qa4 f4 32.Rb4 e3 0-1

[Event "R1B3 CEIT 1 - Villeneuve-Tolosane 1"]
[Site "?"]
[Date "2003.12.07"]
[Round "3.4"]
[White "Lafforgue, Patrice"]
[Black "Rashoev, Rezo"]
[Result "1-0"]
[WhiteElo "1499"]
[BlackElo "1499"]
[EventDate "2003.??.??"]
[PlyCount "77"]

1.e4 d5 2.exd5 Qxd5 3.Nc3 Qe5+ 4.Qe2 Qa5 5.d4 c6 6.Nf3 g6 7.Bd2 Qb6 8.
O-O-O Nf6 9.Bf4 Nbd7 10.Ne5 Bg7 11.Qc4 O-O 12.f3 Nh5 13.Nxd7 Bxd7 14.Be3 
Be6 15.Qd3 Qc7 16.g3 Nf6 17.Ne4 Nd5 18.Bd2 Qb6 19.c3 a5 20.h4 a4 21.h5 Nf6
22.h6 Nxe4 23.Qxe4 Bf6 24.a3 Bd5 25.Qe3 Qb3 26.Bd3 Ra5 27.c4 Bxc4 28.Bxa5 
Bd5 29.Rhf1 c5 30.Bc3 cxd4 31.Bxd4 Rc8+ 32.Kd2 e5 33.Rc1 Re8 34.Bxe5 Kf8 
35.Bd6+ Be7 36.Bxe7+ Kg8 37.Qd4 f6 38.Qxf6 Rxe7 39.Rc8+ 1-0

[Event "R1B3 CEIT 1 - Villeneuve-Tolosane 1"]
[Site "?"]
[Date "2003.12.07"]
[Round "3.3"]
[White "Garcia del Prado, Gilles"]
[Black "Brochet, Thierry"]
[Result "0-1"]
[WhiteElo "1570"]
[BlackElo "1640"]
[EventDate "2003.??.??"]
[PlyCount "104"]

1.e4 c5 2.Nf3 Nc6 3.d4 cxd4 4.Nxd4 Nf6 5.Nc3 g6 6.Be2 Bg7 7.Nxc6 bxc6 8.
Be3 Bb7 9.O-O O-O 10.Qd2 d6 11.Rad1 Qc7 12.Qc1 d5 13.exd5 Nxd5 14.Nxd5 
cxd5 15.Bh6 Bxh6 16.Qxh6 Qxc2 17.Bd3 Qa4 18.Bb1 Rfc8 19.b3 Qe8 20.Rfe1 Qf8
21.Qh4 e6 22.Re3 Rc7 23.Qd4 Rc5 24.h4 Rac8 25.h5 Rc1 26.hxg6 Rxd1+ 27.Qxd1
hxg6 28.Rg3 Qh6 29.Bc2 Kf8 30.Rh3 Qg7 31.Qd2 Ke8 32.Bd1 Qa1 33.Kh2 Qe5+ 
34.Kg1 d4 35.Rd3 Rd8 36.f4 Qc5 37.b4 Qb6 38.a4 a6 39.a5 Qa7 40.Qf2 Be4 41.
Rc3 dxc3 42.Ba4+ Qd7 43.Bxd7+ Rxd7 44.Qc5 Rd1+ 45.Kf2 c2 46.Qc8+ Ke7 47.
Qc5+ Kd7 48.Qa7+ Ke8 49.Qb8+ Ke7 50.Qc7+ Kf8 51.Qc5+ Kg7 52.Qc3+ Kh7 0-1

[Event "R1B3 CEIT 1 - Villeneuve-Tolosane 1"]
[Site "?"]
[Date "2003.12.07"]
[Round "3.2"]
[White "Taieb, Marcel"]
[Black "Lafforgue, Jean-Michel"]
[Result "1-0"]
[WhiteElo "1570"]
[BlackElo "1740"]
[EventDate "2003.??.??"]
[PlyCount "109"]

1.d4 c6 2.c4 d5 3.Nc3 Nf6 4.Bg5 Nbd7 5.e3 e6 6.Nf3 dxc4 7.Bxc4 Be7 8.Qc2 
O-O 9.Bd3 b5 10.a3 Bb7 11.b4 a5 12.Na2 axb4 13.axb4 Bxb4+ 14.Nd2 Qa5 15.
Ke2 Bxd2 16.Qxd2 Qb6 17.Rhc1 Rfe8 18.Bf4 Rad8 19.Bd6 e5 20.dxe5 Nxe5 21.
Bc5 Qc7 22.Bd4 Rxd4 23.Bxh7+ Kxh7 24.Qxd4 Ng6 25.g3 Rd8 26.Qb2 Ne4 27.Rd1 
Re8 28.Rac1 Qe7 29.Rd3 Qe6 30.Ra3 Ne5 31.Ra7 Qg4+ 32.Kf1 Nc4 33.Rxc4 bxc4 
34.Rxb7 Qd1+ 35.Kg2 Nd2 36.Kh3 Qf1+ 37.Kg4 Re4+ 38.f4 Qf3+ 39.Kh4 g5+ 40.
Kxg5 Re7 41.Rxe7 Qd5+ 42.Kg4 Qf3+ 43.Kh4 Qd5 44.Rxf7+ Qxf7 45.Qxd2 Qe7+ 
46.Kh3 Qe6+ 47.Kg2 Qe4+ 48.Kg1 Qb1+ 49.Kf2 Qe4 50.Nc3 Qh1 51.Qd7+ Kg8 52.
Qe8+ Kg7 53.Qe7+ Kg6 54.Qe4+ Qxe4 55.Nxe4 1-0

[Event "R1B3 CEIT 1 - Villeneuve-Tolosane 1"]
[Site "?"]
[Date "2003.12.07"]
[Round "3.1"]
[White "Delmaire, Numa"]
[Black "Lamy, Loïc"]
[Result "1-0"]
[WhiteElo "2010"]
[BlackElo "2030"]
[EventDate "2003.??.??"]
[PlyCount "71"]

1.e4 e6 2.d4 d5 3.Nd2 Nf6 4.e5 Nfd7 5.Bd3 c5 6.c3 Nc6 7.Ne2 cxd4 8.cxd4 f6
9.exf6 Nxf6 10.O-O Bd6 11.Nf3 O-O 12.Bg5 e5 13.dxe5 Nxe5 14.Nxe5 Bxe5 15.
Qd2 Qb6 16.Nc3 Ng4 17.Nxd5 Qd4 18.Be3 Bxh2+ 19.Kh1 Qe5 20.Bg5 h6 21.Ne7+ 
Kf7 22.Bg6+ Ke6 23.Rae1 hxg5 24.Rxe5+ Bxe5 25.Qxg5 Rh8+ 26.Bh5 Nf6 27.g4 
Nxg4 28.Ng6 Rxh5+ 29.Qxh5 Kd6 30.Re1 Kc7 31.Rc1+ Kd6 32.Rxc8 Rxc8 33.Qxg4 
Rc5 34.Nxe5 Rxe5 35.Qxg7 Re7 36.Qd4+ 1-0